Мировоззрение и мировоззрения (Запись № 1300332)

Подробности
000 -МАРКЕР
контрольное поле 01811nam0a2200373 4500
001 - ИДЕНТИФИКАТОР ЗАПИСИ
контрольное поле RU\NLR\bibl\1723431
005 - ИДЕНТИФИКАТОР ВЕРСИИ
контрольное поле 20260409074440.0
010 ## - МЕЖДУНАРОДНЫЙ СТАНДАРТНЫЙ НОМЕР КНИГИ (ISBN)
Номер (ISBN) 978-5-397-01595-0
021 ## - НОМЕР ГОСУДАРСТВЕННОЙ РЕГИСТРАЦИИ
Код страны Российская Федерация
Номер 2010-99039
Номер Листа государственной регистраци 6686
035 ## - ДРУГИЕ СИСТЕМНЫЕ НОМЕРА
Идентификатор записи (NLR Aleph) 001714411
100 ## - ДАННЫЕ ОБЩЕЙ ОБРАБОТКИ
Данные общей обработки 20110117d2011 u y0rusy50 ca
101 0# - ЯЗЫК РЕСУРСА
Язык текста, звукозаписи и т.д. русский
102 ## - СТРАНА ПУБЛИКАЦИИ ИЛИ ПРОИЗВОДСТВА
Страна публикации Российская Федерация
105 ## - ПОЛЕ КОДИРОВАННЫХ ДАННЫХ: ТЕКСТОВЫЕ МАТЕРИАЛЫ, МОНОГРАФИЧЕСКИЕ
Кодированные данные о монографическом текстовом документе y |||||||||
200 1# - ЗАГЛАВИЕ И СВЕДЕНИЯ ОБ ОТВЕТСТВЕННОСТИ
Основное заглавие Мировоззрение и мировоззрения
Сведения, относящиеся к заглавию очерки и характеристики
-- [Л. Бергсон, У. Джемс, И. Дицген, Л. Толстой, Ф. Ницше]
Первые сведения об ответственности П.С. Юшкевич
205 ## - СВЕДЕНИЯ ОБ ИЗДАНИИ
Сведения об издании Изд. 2-е
210 ## - ПУБЛИКАЦИЯ, РАСПРОСТРАНЕНИЕ И ДР.
Место издания, распространения и т.д. Москва
Имя издателя, распространителя и т. д. URSS
-- ЛИБРОКОМ
Дата издания, распространения и т.д. 2011
215 ## - ФИЗИЧЕСКАЯ ХАРАКТЕРИСТИКА
Специфическое обозначение материала и объем 183 c.
Размеры 22
225 1# - СЕРИЯ
Основное заглавие серии Из наследия мировой философской мысли: великие философы
606 ## - НАИМЕНОВАНИЕ ТЕМЫ КАК ПРЕДМЕТ
Наименование темы Мировоззрение (филос.)
Идентификатор авторитетной/нормативной записи RU\NLR\auth\661294710
Системный номер авторитетной/нормативной записи 2149692
686 ## - ИНДЕКСЫ ДРУГИХ КЛАССИФИКАЦИЙ
Индекс Ю0в01
686 ## - ИНДЕКСЫ ДРУГИХ КЛАССИФИКАЦИЙ
Индекс Ю3(2)6-642
700 #1 - ИМЯ ЛИЦА - ПЕРВИЧНАЯ ОТВЕТСТВЕННОСТЬ
Код отношения Автор
Материалы, к которым относится поле rus
Графика поля Кириллица
Начальный элемент ввода Юшкевич
Часть имени, кроме начального элемента ввода П. С.
Даты 1873-1945
Расширение инициалов личного имени Павел Соломонович
Идентификатор авторитетной/нормативной записи RU\NLR\auth\7787910
Системный номер авторитетной/нормативной записи 70838
702 #1 - ИМЯ ЛИЦА - ВТОРИЧНАЯ ОТВЕТСТВЕННОСТЬ
Код отношения Прочие
Материалы, к которым относится поле rus
Графика поля Кириллица
Начальный элемент ввода Бергсон
Часть имени, кроме начального элемента ввода А.
Даты 1859-1941
Расширение инициалов личного имени Анри
Идентификатор авторитетной/нормативной записи RU\NLR\auth\7719801
Системный номер авторитетной/нормативной записи 2872
702 #1 - ИМЯ ЛИЦА - ВТОРИЧНАЯ ОТВЕТСТВЕННОСТЬ
Код отношения Прочие
Материалы, к которым относится поле rus
Графика поля Кириллица
Начальный элемент ввода Джеймс
Часть имени, кроме начального элемента ввода У.
Дополнения к именам, кроме дат философ, психолог
Даты 1842-1910
Расширение инициалов личного имени Уильям
Идентификатор авторитетной/нормативной записи RU\NLR\auth\7777609
Системный номер авторитетной/нормативной записи 60537
702 #1 - ИМЯ ЛИЦА - ВТОРИЧНАЯ ОТВЕТСТВЕННОСТЬ
Код отношения Прочие
Материалы, к которым относится поле rus
Графика поля Кириллица
Начальный элемент ввода Дицген
Часть имени, кроме начального элемента ввода И.
Даты 1828-1888
Расширение инициалов личного имени Иосиф
Идентификатор авторитетной/нормативной записи RU\NLR\auth\7791049
Системный номер авторитетной/нормативной записи 73976
702 #1 - ИМЯ ЛИЦА - ВТОРИЧНАЯ ОТВЕТСТВЕННОСТЬ
Код отношения Прочие
Материалы, к которым относится поле rus
Графика поля Кириллица
Начальный элемент ввода Толстой
Часть имени, кроме начального элемента ввода Л. Н.
Даты 1828-1910
Расширение инициалов личного имени Лев Николаевич
Идентификатор авторитетной/нормативной записи RU\NLR\auth\771515
Системный номер авторитетной/нормативной записи 111537
702 #1 - ИМЯ ЛИЦА - ВТОРИЧНАЯ ОТВЕТСТВЕННОСТЬ
Код отношения Прочие
Материалы, к которым относится поле rus
Графика поля Кириллица
Начальный элемент ввода Ницше
Часть имени, кроме начального элемента ввода Ф. В.
Даты 1844-1900
Расширение инициалов личного имени Фридрих Вильгельм
Идентификатор авторитетной/нормативной записи RU\NLR\auth\772013
Системный номер авторитетной/нормативной записи 112030
801 #0 - ИСТОЧНИК ЗАПИСИ
Страна Российская Федерация
Организация NLR
Дата составления 20110117
Правила каталогизации RCR
801 #1 - ИСТОЧНИК ЗАПИСИ
Страна Российская Федерация
Организация NLR
Дата составления 20110117
942 ## - ДОПОЛНИТЕЛЬНЫЕ ЭЛЕМЕНТЫ ЗАПИСИ (АБИС)
Тип экземпляра АБИС Книга
980 ## - КОЛЛЕКЦИЯ
Название коллекции Национальная библиография
Экземпляры
Тип экземпляра Дата поступления Источник поступления Библиотека постоянного хранения Библиотека текущего хранения Место хранения Шифр хранения Штрих-код Статус экземпляра
Книга 17.01.2011 Обязательный экземпляр РНБ (Московский) РНБ (Московский) Русский книжный фонд: издания с 1957 года 2011-5/235 1-823924  
Книга 17.01.2011 Обязательный экземпляр РНБ (Московский) РНБ (Московский) Русский книжный фонд: издания с 1957 года 2011-5/235 3334207